[Event "29th European Blitz"]
[Site "Warsaw POL"]
[Date "2010.12.17"]
[Round "10"]
[White "Jaracz,P"]
[Black "Rublevsky,S"]
[Result "0-1"]
[WhiteElo "2543"]
[BlackElo "2678"]

1.c4 e5 2.Nc3 Nf6 3.Nf3 Nc6 4.a3 d5 5.cxd5 Nxd5 6.Qc2 Nxc3 7.bxc3 Bd6 8.d3 O-O
9.g3 b6 10.Bg2 Bb7 11.O-O Na5 12.d4 Qe7 13.e4 f6 14.Nh4 g6 15.Bh6 Rfe8 16.Rfe1 Qf7
17.f4 Qb3 18.Qxb3+ Nxb3 19.Rab1 Nd2 20.Rbd1 Nc4 21.a4 Bc6 22.Ra1 a5 23.fxe5 fxe5
24.Nf3 Nb2 25.dxe5 Bxe5 26.Nxe5 Rxe5 27.Bf4 Re7 28.Bg5 Re6 29.Bh3 Rxe4 30.Rxe4 Bxe4
31.Be6+ Kg7 32.Rf1 Bf5 33.Bb3 h6 34.Bf4 c5 35.Be5+ Kh7 36.g4 c4 37.Ba2 Bd3
38.Rf7+ Kg8 39.Rg7+ Kf8 40.Rb7 Nxa4 41.Kf2 Re8 42.Bg7+ Kg8 43.Kg3 Re2 44.Bxh6 Rxa2
45.Kf4 Rf2+ 46.Kg5 Rf7 47.Rb8+ Kh7 48.Bf8 Nxc3  0-1

[Event "29th European Blitz"]
[Site "Warsaw POL"]
[Date "2010.12.17"]
[Round "10"]
[White "Rublevsky,S"]
[Black "Jaracz,P"]
[Result "1-0"]
[WhiteElo "2678"]
[BlackElo "2543"]

1.e4 c5 2.Nf3 e6 3.c3 Nf6 4.e5 Nd5 5.Bc4 Nb6 6.Bb3 d6 7.exd6 Bxd6 8.d4 O-O
9.O-O Nc6 10.dxc5 Bxc5 11.Qe2 h6 12.Nbd2 Be7 13.Ne4 Qc7 14.Ng3 Re8 15.Nh5 Bf8
16.Bxh6 gxh6 17.Nf6+  1-0

[Event "European Rapid Championship"]
[Site "Warsaw POL"]
[Date "2010.12.18"]
[Round "2"]
[White "Rublevsky,S"]
[Black "Kurpiewski,S"]
[Result "1-0"]
[WhiteElo "2678"]
[BlackElo "2201"]

1.e4 e5 2.Nf3 Nc6 3.d4 exd4 4.Nxd4 Nf6 5.Nxc6 bxc6 6.e5 Qe7 7.Qe2 Nd5 8.c4 Ba6
9.b3 O-O-O 10.g3 Re8 11.Bb2 f6 12.Bg2 fxe5 13.O-O h5 14.Re1 Nf6 15.Nd2 h4
16.Qxe5 Qf7 17.Qa5 Rxe1+ 18.Rxe1 Bb7 19.Be5 Bd6 20.Bxd6 cxd6 21.Qxa7 hxg3
22.hxg3 Re8 23.Rxe8+ Qxe8 24.Qe3 Qxe3 25.fxe3 Ng4 26.Nf1 Ne5 27.Be4 c5 28.Bxb7+ Kxb7
29.Nd2 Kc6 30.e4 Kc7 31.Kf2 Nd3+ 32.Ke3 Nc1 33.a3 Kd8 34.Kf4 Ke7 35.Kf5 Kf7
36.a4 Ne2 37.a5 Nd4+ 38.Kg5 Ne6+ 39.Kg4 Nc7 40.Nb1 Kf6 41.Nc3 Ke5 42.Kg5 Na6
43.Kg6 Kd4 44.Nd5 Kxe4 45.Kxg7 Kf3 46.Kf6 Kxg3 47.Ke7 Kf3 48.Kxd7 Ke4 49.Kxd6 Kd3
50.Nc7 Nxc7 51.Kxc7 Kc3 52.Kb6 Kxb3 53.Kxc5  1-0

[Event "European Rapid Championship"]
[Site "Warsaw POL"]
[Date "2010.12.19"]
[Round "9"]
[White "Tomczak,J"]
[Black "Rublevsky,S"]
[Result "0-1"]
[WhiteElo "2539"]
[BlackElo "2678"]

1.e4 c5 2.Nf3 e6 3.d4 cxd4 4.Nxd4 a6 5.Bd3 Bc5 6.Nb3 Be7 7.f4 d6 8.O-O Nd7
9.Qf3 Ngf6 10.Be3 Qc7 11.c4 b6 12.Nc3 Bb7 13.a4 Nc5 14.Nxc5 bxc5 15.Qg3 g6
16.Rae1 Rb8 17.Bc1 Bc6 18.e5 Nh5 19.Qf2 Ng7 20.f5 Nxf5 21.Bxf5 gxf5 22.exd6 Bxd6
23.Qxf5 Qe7 24.Qg4 Kd7 25.Nd5 Rbg8 26.Qh3 Bxd5 27.cxd5 Rg6 28.dxe6+ fxe6
29.Bf4 Bxf4 30.Rxf4 Rhg8 31.Qd3+ Kc7 32.g3 e5 33.Rfe4 Rd8 34.Qc3 Qd6 35.b4 Kc6
36.Rc4 e4 37.Rxc5+ Kb7 38.Rxe4 Rf6 39.Rce5 Rd7 40.b5 Qb6+ 41.Re3 Rdf7 42.Qc4 Ka7
43.a5 Rf1+ 44.Qxf1 Rxf1+ 45.Kxf1 Qxa5 46.Re7+ Kb8 47.b6 Qb5+ 48.Kg2 Qc6+
49.R3e4 a5 50.Re6 Qc2+ 51.Kh3 Kb7 52.Rf4 Qb3 53.Rf7+ Ka6 54.b7+ Qxe6+ 55.g4 Qb3+
56.Kh4 a4 57.h3 Qxb7  0-1

[Event "European Rapid Championship"]
[Site "Warsaw POL"]
[Date "2010.12.19"]
[Round "10"]
[White "Rublevsky,S"]
[Black "Halkias,S"]
[Result "1/2-1/2"]
[WhiteElo "2678"]
[BlackElo "2578"]

1.e4 c5 2.Nf3 e6 3.c3 Nf6 4.e5 Nd5 5.Bc4 d6 6.d4 cxd4 7.cxd4 Nb6 8.Bd3 Nc6
9.Bg5 Be7 10.Bxe7 Qxe7 11.Nc3 dxe5 12.dxe5 Nd7 13.Bb5 O-O 14.Qe2 Qc5 15.Bxc6 Qxc6
16.O-O b5 17.Rac1 b4 18.Ne4 Qa6 19.Qe3 Qb6 20.Qg5 h6 21.Qg4 Kh8 22.Rfd1 f5
23.exf6 Nxf6 24.Nxf6 Rxf6 25.Rd4 Bb7 26.Rd7 Rg8 27.Rcc7 Bxf3 28.gxf3 e5 29.Rxg7 Qxc7
30.Rxc7 Rxg4+ 31.fxg4 Ra6 32.Rb7 Rxa2 33.Rxb4 Kg7 34.Kg2 Kf6 35.Kf3 Ra1 36.Rc4 Rb1
37.Rc6+ Kg7 38.Rc7+ Kf6 39.Rb7 Kg6 40.h4 Kf6 41.h5 Kg5 42.Re7 Kh4 43.Rxe5 Rxb2
44.Re4 a5 45.Ke3 Rb3+ 46.Kf4 Rb4 47.f3 Rb3 48.Re6 Rb4+ 49.Kf5 Rb3 50.f4 Rb5+
51.Re5 Rb8 52.Rxa5 Rf8+ 53.Kg6 Rxf4 54.g5 hxg5 55.Rxg5 Rf8 56.Ra5 Rg8+ 57.Kh7 Rg1
58.h6 Rg2 59.Kh8 Rg1 60.h7 Rg2 61.Rc5 Rg1 62.Rd5 Rg2 63.Rb5 Rg1 64.Rb7 Kh5
65.Rg7 Rb1 66.Re7 Kg6 67.Rg7+ Kf6 68.Rg8 Kf7 69.Ra8 Rb2  1/2-1/2

[Event "European Rapid Championship"]
[Site "Warsaw POL"]
[Date "2010.12.19"]
[Round "11"]
[White "Bartel,Mat"]
[Black "Rublevsky,S"]
[Result "1/2-1/2"]
[WhiteElo "2617"]
[BlackElo "2678"]

1.g3 d5 2.f4 Nc6 3.Bg2 e5 4.fxe5 Nxe5 5.d4 Ng6 6.Nc3 c6 7.e4 dxe4 8.Nxe4 Nf6
9.Nxf6+ Qxf6 10.Nf3 Bb4+ 11.c3 Be7 12.O-O O-O 13.Ng5 Qd6 14.Ne4 Qc7 15.Qd3 f5
16.Ng5 Bxg5 17.Bxg5 Be6 18.Rae1 Qd7 19.c4 h6 20.d5 Bxd5 21.Bxh6 Be6 22.Qxd7 Bxd7
23.Bg5 Rae8 24.Rd1 Be6 25.b3 Ne5 26.Rfe1 Ng4 27.Rd6 Kf7 28.h3 Nh6 29.Bf3 Ng8
30.Kf2 g6 31.h4 Bc8 32.h5 Rxe1 33.hxg6+ Kg7 34.Kxe1 Nf6 35.Be3 a6 36.Bd4 Kxg6
37.Kd2 Kg5 38.Be3+ Kg6 39.Bd4 Kg5 40.Be3+ Kg6 41.Kd3 Kf7 42.Kd4 Ne4 43.Bxe4 fxe4
44.Kxe4 Re8+ 45.Kd4 Re6 46.Rd8 Re8 47.Rxe8 Kxe8 48.Ke5 Bg4 49.Kd6 Kd8 50.Bg5+ Kc8
51.c5 Bf5 52.Bf6 Bg4 53.Bc3 Bd1 54.Ba5 Be2 55.Ke6 Bg4+ 56.Ke7 Bd1 57.Kd6 Be2
58.Bd2 Bd1 59.Be3 Be2 60.Bc1 Bd1 61.Bb2 Be2 62.Ke6 Bg4+ 63.Ke5 Kd7 64.Kf4 Bd1
65.g4 Ke6 66.b4  1/2-1/2

[Event "European Rapid Championship"]
[Site "Warsaw POL"]
[Date "2010.12.19"]
[Round "13"]
[White "Movsesian,S"]
[Black "Rublevsky,S"]
[Result "1/2-1/2"]
[WhiteElo "2721"]
[BlackElo "2678"]

1.e4 c5 2.d3 Nc6 3.g3 d5 4.Nd2 Nf6 5.Bg2 g6 6.Ngf3 Bg7 7.O-O O-O 8.c3 e6
9.Re1 Kh8 10.Qe2 b6 11.Nf1 c4 12.dxc4 Ba6 13.exd5 exd5 14.Bf4 dxc4 15.Rad1 Qc8
16.Ne5 Nxe5 17.Bxe5 Bb7 18.Bxb7 Qxb7 19.Qxc4 Rae8 20.Bd6 Rg8 21.Qc7 Rxe1
22.Rxe1 Qd5 23.c4 Qd3 24.Be5 Ng4 25.Bxg7+ Kxg7 26.h3 Nf6 27.Qxa7 Qxc4 28.Qxb6 Qxa2
29.Qd4 Rb8 30.Re2 Rc8 31.g4 h6 32.Ng3 Rc1+ 33.Kg2 Qa6 34.Re3 Kg8 35.Rf3 Rc6
36.Qf4 Qb7 37.b4 Nd5 38.Qd4 Rf6 39.Ne4 Rxf3 40.Kxf3 Nxb4 41.Kg3 Qe7 42.Nf6+ Kf8
43.Nd7+ Kg8 44.Nf6+ Kf8 45.Kg2 Nc6 46.Nd7+ Ke8 47.Nf6+ Kf8 48.Qc3 Qe6 49.f3 Qe2+
50.Kg3 Qe5+  1/2-1/2

[Event "DPMM Final"]
[Site "Baden Baden GER"]
[Date "2011.05.21"]
[Round "2.1"]
[White "Rublevsky,S"]
[Black "Doettling,F"]
[Result "1/2-1/2"]
[WhiteElo "2682"]
[BlackElo "2585"]

1.e4 c6 2.d4 d5 3.e5 Bf5 4.Nd2 e6 5.Nb3 Nd7 6.Nf3 Ne7 7.Be2 Nc8 8.O-O Be7
9.a4 O-O 10.a5 a6 11.c4 dxc4 12.Bxc4 Na7 13.Be3 Nb5 14.Qe2 Nc7 15.Ne1 Nd5
16.Nd3 Rc8 17.Rfd1 Qc7 18.Bd2 Rfd8 19.Rac1 Qb8 20.h3 Qa7 21.Qf3 Qb8 22.Qg3 Nf8
23.Ndc5 Nd7 24.h4 Nxc5 25.Nxc5 Bxc5 26.dxc5 Bg6 27.Be2 h5 28.Qg5 Rd7 29.Bxh5 Bxh5
30.Qxh5 Rcd8 31.Re1 Ne7 32.Bg5 Qc7 33.Rc3 Rd5 34.Qe2 R8d7 35.Bxe7 Rxe7 36.h5 Qxa5
37.Qg4 Red7 38.b4 Qd8 39.Rg3 Qf8 40.Re4 Kh8 41.Qg5 Rd4 42.Rxd4 Rxd4 43.Rf3 Rd7
44.Rf4 Kh7 45.Rg4 Kh8 46.Kh2 Kh7 47.f4 Rd4 48.f5 Rxg4 49.Qxg4 Qb8 50.Qe4 exf5
51.Qxf5+ Kg8 52.Kh3 Qe8 53.Kg4 Qe7 54.Qg5 Qe6+ 55.Kh4 Kh7 56.g4 Qd5 57.Qf5+ Kg8
58.Qf4 a5 59.bxa5 Qxc5 60.g5 Qxa5 61.Qf5 Qb4+ 62.Kg3 Qb3+ 63.Kh4 Qc4+ 64.Kg3 Qc3+
65.Kh4 Qd4+ 66.Kg3 Qg1+ 67.Kh3 Qh1+ 68.Kg3 Qxh5  1/2-1/2

[Event "64th ch-RUS HL"]
[Site "Taganrog RUS"]
[Date "2011.06.26"]
[Round "11"]
[White "Matlakov,M"]
[Black "Rublevsky,S"]
[Result "1/2-1/2"]
[WhiteElo "2632"]
[BlackElo "2682"]

1.d4 d5 2.Nf3 Nf6 3.c4 c6 4.Nc3 dxc4 5.a4 e6 6.e3 c5 7.Bxc4 cxd4 8.exd4 Nc6
9.O-O Be7 10.Re1 O-O 11.Bg5 Bd7 12.Qe2 Nb4 13.Ne5 Rc8 14.Rad1 Nfd5 15.Nxd5 Nxd5
16.Bxd5 Bxg5 17.Bxb7 Bxa4 18.Ra1 Rc7 19.Be4 Be8 20.Qd3 g6 21.d5 exd5 22.Bxd5 Bf6
23.Qf3 Bg7 24.Rad1 Qf6 25.Qg3 Re7 26.Nc4 Rxe1+ 27.Rxe1 Bc6 28.Bxc6 Qxc6 29.b3 Re8
30.Rxe8+ Qxe8 31.Qe3 Qxe3 32.Nxe3 Kf8 33.Kf1 Ke7 34.Ke2 Kd6 35.Kd3 Kc5 36.Nc2 f5
37.f3 Be5 38.h3 h5 39.g4 fxg4 40.fxg4 hxg4 41.Ke4  1/2-1/2

[Event "TCh-SRB Premier Men"]
[Site "Valjevo SRB"]
[Date "2011.08.27"]
[Round "1.1"]
[White "Rublevsky,S"]
[Black "Nikolov,Mo"]
[Result "1-0"]
[WhiteElo "2684"]
[BlackElo "2589"]

1.e4 c5 2.Nf3 e6 3.c3 Nf6 4.e5 Nd5 5.Bc4 d6 6.d4 Be7 7.O-O O-O 8.Bxd5 exd5
9.exd6 Qxd6 10.dxc5 Qxc5 11.Be3 Qd6 12.Nbd2 Bg4 13.h3 Bh5 14.Nb3 Nd7 15.Nbd4 Ne5
16.Bf4 Nxf3+ 17.Qxf3 Bxf3 18.Bxd6 Bxd6 19.Nxf3 Rad8 20.Rfd1 Be7 21.Rd2 Rd6
22.Rad1 Rfd8 23.Nd4 Bg5 24.Rd3 Bf6 25.Nf5 Ra6 26.a3 Rb6 27.b4 Rc8 28.Rxd5 g6
29.Ne3 Rxc3 30.Ra5 Ra6 31.Rxa6 bxa6 32.Nd5 Rc6 33.Nxf6+ Rxf6 34.Rd7 a5 35.Rxa7 axb4
36.axb4 Rf4 37.Rb7 g5 38.Kf1 Re4 39.b5 Kg7 40.b6 Rb4 41.Ke2 Rb2+ 42.Ke3 h5
43.g3 Kf6 44.Kd4 Ke6 45.Rb8 h4 46.gxh4 gxh4 47.Kc5 Rc2+ 48.Kb5 Rxf2 49.Rh8 Rb2+
50.Ka6 Ra2+ 51.Kb7 f5 52.Rxh4 Ke5 53.Rb4 Rh2 54.Rb3 Rc2 55.Ra3 f4 56.Ka7  1-0

[Event "TCh-SRB Premier Men"]
[Site "Valjevo SRB"]
[Date "2011.08.28"]
[Round "2.6"]
[White "Rublevsky,S"]
[Black "Blagojevic,Dr"]
[Result "1-0"]
[WhiteElo "2684"]
[BlackElo "2516"]

1.e4 e5 2.Nf3 Nc6 3.Nc3 Nf6 4.Bb5 Bb4 5.O-O O-O 6.d3 d6 7.Bg5 Bxc3 8.bxc3 h6
9.Bh4 Bd7 10.Rb1 a6 11.Ba4 Rb8 12.Bb3 Qe7 13.Re1 Na5 14.d4 Rbd8 15.h3 g5
16.Nxg5 hxg5 17.Bxg5 Kh7 18.Qf3 Kg7 19.Qg3 Rg8 20.Bxf6+ Kxf6 21.Qh4+ Rg5
22.f4 exf4 23.Qh6+ Rg6 24.e5+ dxe5 25.Qh4+ Rg5 26.Rxe5 Rg8 27.Qxf4+ Bf5 28.Rxe7  1-0

[Event "TCh-SRB Premier Men"]
[Site "Valjevo SRB"]
[Date "2011.08.29"]
[Round "3.2"]
[White "Sedlak,N"]
[Black "Rublevsky,S"]
[Result "0-1"]
[WhiteElo "2580"]
[BlackElo "2684"]

1.d4 d5 2.c4 c6 3.cxd5 cxd5 4.Nc3 Nf6 5.Bf4 Nc6 6.e3 a6 7.Rc1 Bg4 8.f3 Bh5
9.g4 Bg6 10.h4 h6 11.Bd3 Bxd3 12.Qxd3 e6 13.Nge2 Be7 14.Kf2 h5 15.g5 Nd7
16.Bg3 g6 17.Nf4 Nb6 18.Kg2 Rc8 19.Rhe1 Bd6 20.a3 Bxf4 21.Bxf4 Nc4 22.Rc2 O-O
23.Rec1 Qb6 24.Na4 Qb5 25.b3 Nxa3 26.Qxb5 axb5 27.Ra2 bxa4 28.Rxa3 axb3 29.Rxb3 Na5
30.Rxc8 Rxc8 31.Rb5 Ra8 32.Kg3 Kf8 33.Bd6+ Ke8 34.Bb4 Nc6 35.Bc5 Rb8 36.Bd6 Rd8
37.Bc7 Rd7 38.Bb6 f6 39.gxf6 Kf7 40.Rb1 Kxf6 41.Kf4 Rf7 42.e4 g5+ 43.hxg5+ Kg6+
44.Ke3 Kxg5 45.Rg1+ Kh6 46.Bc5 Na5 47.Ke2 Nc4 48.Bb4 b5 49.Rg8 Ra7 50.Kf2 h4
51.Kg2 Rg7+ 52.Rxg7 Kxg7 53.Kh3 Ne3 54.Kxh4 Nc2 55.Ba5 Kf6 56.Kg4 b4 57.Kf4 b3
58.Bc3 Na3 59.Ke3 b2 60.Bxb2 Nc4+ 61.Kd3 Nxb2+ 62.Kc3 Nc4 63.Kb4 Nd2  0-1

[Event "TCh-SRB Premier Men"]
[Site "Valjevo SRB"]
[Date "2011.08.30"]
[Round "4.4"]
[White "Rublevsky,S"]
[Black "Ninov,N"]
[Result "1/2-1/2"]
[WhiteElo "2684"]
[BlackElo "2518"]

1.e4 c5 2.Nf3 d6 3.d4 Nf6 4.dxc5 Qa5+ 5.Nc3 Nxe4 6.cxd6 Nxc3 7.bxc3 Nc6 8.Bd3 e6
9.O-O Bxd6 10.Ng5 Be7 11.Rb1 h6 12.Rb5 Qc7 13.Ne4 a6 14.Rh5 f5 15.Ng5 O-O
16.Nf3 b5 17.Nd4 Nxd4 18.cxd4 Bb7 19.d5  1/2-1/2

[Event "TCh-SRB Premier Men"]
[Site "Valjevo SRB"]
[Date "2011.09.01"]
[Round "6.4"]
[White "Rublevsky,S"]
[Black "Laznicka,V"]
[Result "1/2-1/2"]
[WhiteElo "2684"]
[BlackElo "2681"]

1.e4 c6 2.d4 d5 3.e5 Bf5 4.Nd2 e6 5.Nb3 c5 6.dxc5 Bxc5 7.Nxc5 Qa5+ 8.c3 Qxc5
9.Be3 Qc7 10.f4 Ne7 11.Nf3 Nbc6 12.Be2 O-O 13.O-O Be4 14.Nd2 Bg6 15.Nb3 Rfd8
16.Bf3 Na5 17.Qe2 Nec6 18.Rfd1 Nc4 19.Bf2 b5 20.Nd4 Nxd4 21.Bxd4 a5 22.Rac1 a4
23.a3 Na5 24.Qf2 Ra6 25.Re1 Nb3 26.Rcd1 Rc6 27.g4 Nxd4 28.Rxd4 Rc4 29.Red1 Rf8
30.Qe3 f5 31.g5 Rb8 32.Be2 Kf8 33.Bxc4 bxc4 34.R4d2 Rb5 35.Rf1 Qb7 36.Rff2 Kg8
37.Qd4 Kf8 38.Kf1 Kg8 39.Ke1 Kf8 40.Kd1 Kg8 41.Kc1 Kf8 42.Rf3 Kg8 43.Rh3 Kf8  1/2-1/2

[Event "TCh-SRB Premier Men"]
[Site "Valjevo SRB"]
[Date "2011.09.03"]
[Round "8.3"]
[White "Rublevsky,S"]
[Black "Georgiev,Ki"]
[Result "1/2-1/2"]
[WhiteElo "2684"]
[BlackElo "2654"]

1.e4 e5 2.Nf3 Nc6 3.Bb5 Nf6 4.d3 Bc5 5.c3 O-O 6.O-O d6 7.Nbd2 Bd7 8.Ba4 a6
9.h3 Ba7 10.Re1 Ne7 11.Bc2 Ng6 12.d4 Re8 13.Nf1 d5 14.Nxe5 Nxe4 15.Nxd7 Qxd7  1/2-1/2

[Event "TCh-SRB Premier Men"]
[Site "Valjevo SRB"]
[Date "2011.09.04"]
[Round "9.4"]
[White "Roiz,M"]
[Black "Rublevsky,S"]
[Result "1/2-1/2"]
[WhiteElo "2669"]
[BlackElo "2684"]

1.d4 d5 2.c4 c6 3.Nf3 Nf6 4.e3 Bg4 5.h3 Bh5 6.Nc3 e6 7.g4 Bg6 8.Ne5 Nbd7
9.Nxg6 hxg6 10.a3 Bd6 11.Bd2 Qe7 12.Qf3 g5 13.O-O-O O-O-O 14.Bd3  1/2-1/2

[Event "Final Russian Rapid GP"]
[Site "Apatity RUS"]
[Date "2011.12.02"]
[Round "1.2"]
[White "Rublevsky,S"]
[Black "Lysyj,I"]
[Result "0-1"]
[WhiteElo "2686"]
[BlackElo "2633"]

1.e4 e6 2.d4 d5 3.Nd2 c5 4.exd5 Qxd5 5.Ngf3 cxd4 6.Bc4 Qd8 7.O-O Nc6 8.Nb3 a6
9.Nbxd4 Nxd4 10.Nxd4 Bd6 11.Qg4 Nf6 12.Qh4 O-O 13.Bd3 h6 14.Re1 Nd5 15.Qh5 Nf4
16.Bxf4 Bxf4 17.Rad1 Qb6 18.Nb3 Bg5 19.Qf3 Bf6 20.c3 a5 21.Qe4 g6 22.Qa4 Bg7
23.Bb5 Rd8 24.g3 e5 25.Rxd8+ Qxd8 26.Nc5 Qb6 27.b4 Qc7 28.Rd1 Bg4 29.Rd2 b6
30.Ne4 Bf5 31.Bc6 Rc8 32.b5 Rd8 33.Qd1 Rxd2 34.Qxd2 Bf8 35.Nf6+ Kh8 36.Nd5 Qd6
37.Qe3 Be6 38.c4 Bh3 39.Qxb6 Qa3 40.Qe3 Qxa2 41.Qe1 Qb2 42.Ne3 a4 43.b6 a3
44.b7 a2 45.Nc2 Bd6 46.Be4 f5 47.c5 Bc7 48.Qd2 a1=Q+  0-1

[Event "Final Russian Rapid GP"]
[Site "Apatity RUS"]
[Date "2011.12.02"]
[Round "1.1"]
[White "Lysyj,I"]
[Black "Rublevsky,S"]
[Result "0-1"]
[WhiteElo "2633"]
[BlackElo "2686"]

1.d4 d5 2.c4 c6 3.Nf3 Nf6 4.e3 Bf5 5.Nc3 e6 6.Nh4 Bg6 7.Be2 Nbd7 8.g3 Bd6
9.O-O dxc4 10.Nxg6 hxg6 11.Bxc4 Qe7 12.Be2 O-O-O 13.f4 g5 14.fxg5 Nh7 15.g6 fxg6
16.e4 Bc7 17.Qc2 Nhf6 18.e5 Nd5 19.Nxd5 exd5 20.Bg4 Kb8 21.Qxg6 Bb6 22.Bg5 Bxd4+
23.Kh1 Nxe5 24.Bxe7 Nxg6 25.Bxd8 Rxd8 26.Rab1 Ne5 27.Be2 Kc7 28.Kg2 Kd6 29.Rf5 c5
30.b3 Be3 31.Rbf1 d4 32.Rf8 Rd7 33.Re8 Bg5 34.h4 Bf6 35.h5 Re7 36.Rd8+ Kc7
37.Rg8 Nf7 38.Bc4 Nh6 39.Rf8 Ng4 40.Kh3 Ne3 41.R1xf6 gxf6 42.Rxf6 Nxc4 43.bxc4 d3
44.Rf1 b5 45.cxb5 c4 46.Rf4 d2 47.Rxc4+ Kd8 48.Rd4+ Rd7 49.h6 d1=Q 50.Rxd1 Rxd1  0-1